[Event "AUTO-INT-3213"]
[Site "http://www.queenalice.com/game.php?id=1460333"]
[Date "2017.1.20"]
[Round "1"]
[White "salvachess"]
[Black "Marcos_Dal_Ri"]
[Result "1/2-1/2"]
[WhiteElo "1727"]
[BlackElo "1711"]

1. e4 e5 2. Nf3 Nc6 3. Nc3 Bc5 4. Bb5 Nf6 5. Bxc6 dxc6 6. O-O Bg4 7. h3 Bh5 8.
g4 Bg6 9. Nxe5 O-O 10. d3 h6 11. Nf3 b5 12. Be3 Bxe3 13. fxe3 b4 14. Ne2 c5 15.
c4 h5 16. g5 Nh7 17. h4 f6 18. gxf6 Qxf6 19. Ng3 Qe6 20. b3 Qg4 21. Qe1 Be8 22.
Ne5 Qe6 23. Rxf8+ Nxf8 24. Nf3 Ng6 25. Nxh5 Qg4+ 26. Qg3 Bd7 27. Qxg4 Bxg4 28.
Nf4 Nxf4 29. exf4 Bxf3 30. Kf2 Bh5 31. Rg1 Rd8 32. Ke3 Kh7 33. Rg5 Kh6 34. Rxc5
Rd7 35. Rb5 c6 36. Rxb4 Bf7 37. Rb8 Kh5 38. Rh8+ Kg4 39. b4 Rd6 40. c5 Rh6 41.
Rxh6 gxh6 42. a4 Kxh4 43. b5 cxb5 44. axb5 Be6 45. b6 axb6 46. cxb6 Bc8 47. f5
Kg5 48. d4 Kf6 49. Kf4 h5 50. e5+ Kf7 51. f6 h4 52. d5 h3 53. Kg3 Kg6 54. d6 Kf7
55. d7 Bxd7 56. b7 h2 57. b8=Q h1=Q 58. Qc7 Qh3+ 59. Kf4 Qf5+ 60. Ke3 Qe6 61.
Ke4 Qf5+ 62. Kd5 Qe6+ 63. Ke4 Kg6 64. Kf4 1/2-1/2

[Event "AUTO-INT-3213"]
[Site "http://www.queenalice.com/game.php?id=1460334"]
[Date "2017.1.20"]
[Round "1"]
[White "Marcos_Dal_Ri"]
[Black "vangogh"]
[Result "1-0"]
[WhiteElo "1688"]
[BlackElo "1606"]

1. d4 d5 2. Bf4 Nc6 3. e3 a6 4. Nf3 Bg4 5. h3 Bxf3 6. Qxf3 h6 7. Bd3 f6 8. Nc3
e5 9. dxe5 d4 10. exd4 Qxd4 11. exf6 gxf6 12. O-O Qb4 13. Bg6+ Kd8 14. Rad1+ Bd6
15. Bxd6 cxd6 16. Rfe1 Nge7 17. Qxf6 Kd7 18. Bf5+ Nxf5 19. Qxf5+ Kc7 20. Nd5+
Kd8 21. Qf6+ Kd7 22. Re6 Qxb2 23. Rxd6+ 1-0

[Event "AUTO-INT-3213"]
[Site "http://www.queenalice.com/game.php?id=1460335"]
[Date "2017.1.20"]
[Round "1"]
[White "vangogh"]
[Black "Marcos_Dal_Ri"]
[Result "0-1"]
[WhiteElo "1593"]
[BlackElo "1701"]

1. e4 e5 2. d4 exd4 3. Qxd4 Nc6 4. Qd1 Nf6 5. Bg5 Be7 6. Bxf6 Bxf6 7. a3 O-O 8.
Nf3 Bxb2 9. Ra2 Bf6 10. Bc4 d6 11. O-O a6 12. h3 Na5 13. Be2 b5 14. Nc3 Bxc3 15.
Qd3 Bf6 16. c3 Nc4 17. Qd5 Rb8 18. Bxc4 Bb7 19. Qf5 bxc4 20. Rd2 Bxc3 21. Rc2
Bf6 22. Rxc4 Re8 23. Nd2 Re5 24. Qf4 Bg5 25. Qg4 Bxd2 0-1

[Event "AUTO-INT-3213"]
[Site "http://www.queenalice.com/game.php?id=1460336"]
[Date "2017.1.20"]
[Round "1"]
[White "Marcos_Dal_Ri"]
[Black "Nelsonbento"]
[Result "0-1"]
[WhiteElo "1710"]
[BlackElo "1557"]

1. d4 c6 2. Bf4 h6 3. e3 d6 4. Bd3 g5 5. Bg3 Qb6 6. b3 Be6 7. h3 Nd7 8. Nf3 Bg7
9. O-O g4 10. hxg4 Bxg4 11. c3 Ngf6 12. Be2 h5 13. Bh4 c5 14. d5 O-O-O 15. c4 e6
16. dxe6 fxe6 17. Nbd2 Rdf8 18. Rc1 d5 19. Ng5 Bh6 20. cxd5 Nxd5 21. Bxg4 hxg4
22. Qxg4 N7f6 23. Nxe6 Nxg4 24. Nxf8 Rxf8 25. Bg3 Ndxe3 26. fxe3 Bxe3+ 0-1

[Event "AUTO-INT-3213"]
[Site "http://www.queenalice.com/game.php?id=1460337"]
[Date "2017.1.20"]
[Round "1"]
[White "Nelsonbento"]
[Black "Marcos_Dal_Ri"]
[Result "0-1"]
[WhiteElo "1567"]
[BlackElo "1713"]

1. e4 e5 2. h4 Be7 3. g3 Nf6 4. f3 O-O 5. c3 Bc5 6. Nh3 d6 7. b4 Bb6 8. Bc4 c6
9. Qb3 h6 10. d3 c5 11. bxc5 Bxc5 12. g4 a6 13. g5 hxg5 14. Bxg5 Nbd7 15. Bxf7+
Rxf7 16. f4 exf4 17. Nxf4 Qe8 18. h5 Qe5 19. Bxf6 Nxf6 20. Rh4 Be3 21. Ng6 Qg3+
22. Kd1 Bg4+ 23. Rxg4 Qxg4+ 24. Kc2 Qe2+ 25. Nd2 Qxd2+ 26. Kb1 Qc1# 0-1

[Event "AUTO-OPEN-3762"]
[Site "http://www.queenalice.com/game.php?id=1462803"]
[Date "2017.2.4"]
[Round "1"]
[White "ignacius"]
[Black "Marcos_Dal_Ri"]
[Result "1-0"]
[WhiteElo "2061"]
[BlackElo "1712"]

1. d4 d5 2. c4 dxc4 3. e4 b5 4. Bg5 h6 5. Bh4 Nf6 6. Bxf6 exf6 7. Nf3 Bb4+ 8.
Nbd2 O-O 9. a3 Bd6 10. Be2 c6 11. O-O Bf4 12. Qc2 Re8 13. Rad1 f5 14. e5 f6 15.
Rfe1 fxe5 16. dxe5 Qc7 17. g3 Bxe5 18. Nxe5 Rxe5 19. Nf3 Rd5 20. Nh4 Qd8 21. Bf3
Rxd1 22. Rxd1 Qc7 23. Nxf5 Bb7 24. Qe4 Nd7 25. Ne7+ Kh8 26. Ng6+ Kg8 27. Qe6+
Kh7 28. Be4 Rd8 29. Nf8+ Kh8 30. Nxd7 Bc8 31. Bxc6 a6 32. Qe7 Bxd7 33. Bxd7 a5
34. Qe6 b4 35. axb4 axb4 36. Ba4 Rxd1+ 37. Bxd1 c3 38. Qe8+ Kh7 39. Bc2+ g6 40.
Qxg6+ Kh8 41. Qxh6+ Kg8 42. Bb3+ 1-0

[Event "AUTO-OPEN-3762"]
[Site "http://www.queenalice.com/game.php?id=1462804"]
[Date "2017.2.4"]
[Round "1"]
[White "Marcos_Dal_Ri"]
[Black "ignacius"]
[Result "0-1"]
[WhiteElo "1710"]
[BlackElo "2063"]

1. d4 d5 2. Bf4 Nc6 3. Nf3 Bg4 4. e3 e6 5. Be2 Bb4+ 6. c3 Be7 7. O-O Bxf3 8.
Bxf3 Nf6 9. h3 O-O 10. b4 Bd6 11. b5 Ne7 12. a4 Bxf4 13. exf4 Qd6 14. g3 c6 15.
bxc6 Nxc6 16. Na3 a6 17. Nc2 Na5 18. Rb1 Rab8 19. Nb4 b5 20. Re1 Nc4 21. Re2 a5
22. Na2 Qd7 23. axb5 Rxb5 24. Rxb5 Qxb5 25. Qc1 Qa6 26. Kg2 Nd6 27. Rb2 Nc4 28.
Be2 Qc6 29. Rb1 Nd6 30. Qa3 Ra8 31. g4 Nfe4 32. f3 Nd2 33. Rd1 N2c4 34. Qc1 Ne8
35. Kg3 Qc7 36. Qa1 Nf6 37. Qc1 g6 38. g5 Nh5+ 39. Kg4 f5+ 40. Kh4 Nxf4 41. Bf1
Nh5 42. Bxc4 Qg3# 0-1

[Event "AUTO-OPEN-3762"]
[Site "http://www.queenalice.com/game.php?id=1462825"]
[Date "2017.2.4"]
[Round "1"]
[White "ribeiroBR"]
[Black "Marcos_Dal_Ri"]
[Result "1-0"]
[WhiteElo "2092"]
[BlackElo "1723"]

1. e4 e5 2. Nf3 Nc6 3. Bc4 Bc5 4. Nc3 d6 5. d3 h6 6. O-O Nf6 7. Be3 Bxe3 8. fxe3
O-O 9. Nd5 a6 10. Qd2 b5 11. Nxf6+ Qxf6 12. Nd4 Qe7 13. Nxc6 Qd7 14. Bd5 Qe8 15.
Rf2 Kh8 16. Raf1 Be6 17. Qe2 f6 18. d4 Bxd5 19. exd5 Qg6 20. dxe5 dxe5 21. e4
Rae8 22. c4 Rf7 23. cxb5 axb5 24. Rf5 Rd7 25. Qxb5 Qg5 26. Rxg5 fxg5 27. Nxe5
Rd6 28. Nf7+ 1-0

[Event "AUTO-OPEN-3762"]
[Site "http://www.queenalice.com/game.php?id=1462826"]
[Date "2017.2.4"]
[Round "1"]
[White "Marcos_Dal_Ri"]
[Black "ribeiroBR"]
[Result "0-1"]
[WhiteElo "1721"]
[BlackElo "2096"]

1. d4 d5 2. Bf4 Nf6 3. e3 e6 4. Bd3 Nc6 5. Nf3 Be7 6. h3 O-O 7. O-O h6 8. a3 Bd7
9. b4 a6 10. Ne5 Nxe5 11. dxe5 Ne4 12. Qg4 Bg5 13. Bxg5 Nxg5 14. h4 Ne4 15. Bxe4
dxe4 16. Qxe4 Bc6 17. Qg4 Qd5 18. Nc3 Qxe5 19. Ne2 f5 20. Qh3 Rf6 21. Nf4 Qe4
22. Ra2 e5 23. f3 Qxe3+ 24. Kh1 Qxf4 25. c3 e4 26. g3 Qe3 27. Rc2 exf3 28. Rff2
Rd8 29. Kh2 Rd3 30. Qf1 f4 31. g4 Rfd6 32. Kh3 Rd2 33. Rcxd2 Rxd2 0-1

[Event "AUTO-OPEN-3762"]
[Site "http://www.queenalice.com/game.php?id=1462839"]
[Date "2017.2.4"]
[Round "1"]
[White "Marcos_Dal_Ri"]
[Black "chessman"]
[Result "0-1"]
[WhiteElo "1708"]
[BlackElo "1837"]

1. d4 d5 2. Nc3 c6 3. Bf4 Nf6 4. h3 e6 5. Nf3 Be7 6. e3 O-O 7. Bd3 Re8 8. O-O
Nbd7 9. Ne5 c5 10. dxc5 Nxc5 11. Bb5 Rf8 12. b4 Ncd7 13. a3 Nxe5 14. Bxe5 a6 15.
Be2 Bd6 16. f4 Bxe5 17. fxe5 Nd7 18. Qd4 Qb6 19. Qf4 Qc7 20. Qd4 Qxe5 21. Qxe5
Nxe5 22. Bh5 Ng6 23. Ne2 Bd7 24. Nf4 Nxf4 25. exf4 Rac8 26. Bg4 Rxc2 27. Kh2 Bc6
28. Bf3 Rc8 29. Bd1 Rc3 30. h4 Bb5 31. Rf2 Rc1 32. Rxc1 Rxc1 33. Rd2 Kf8 34. Kh3
Ke7 35. g3 Kd7 36. Bg4 g6 37. Ra2 Ba4 38. h5 gxh5 39. Bf3 Rc2 40. Rxc2 Bxc2 41.
Bxh5 Bg6 42. Bf3 b6 43. Kh4 h6 44. g4 a5 45. bxa5 bxa5 46. g5 hxg5+ 47. Kxg5 Kd6
48. Kf6 Kc5 49. Bd1 d4 50. Ke5 d3 51. Bb3 d2 52. Bd1 Kc4 0-1

[Event "AUTO-OPEN-3762"]
[Site "http://www.queenalice.com/game.php?id=1462840"]
[Date "2017.2.4"]
[Round "1"]
[White "chessman"]
[Black "Marcos_Dal_Ri"]
[Result "1-0"]
[WhiteElo "1927"]
[BlackElo "1719"]

1. e4 e5 2. f4 exf4 3. Nf3 Ne7 4. d4 Ng6 5. Bd3 Be7 6. O-O O-O 7. c3 d5 8. e5
Bg4 9. Be2 c6 10. Nbd2 h6 11. Nb3 b6 12. a4 a5 13. h3 Bf5 14. Bd3 Bxd3 15. Qxd3
Bg5 16. Nxg5 Qxg5 17. Nd2 f6 18. exf6 Rxf6 19. Nf3 Qf5 20. Qxf5 Rxf5 21. Re1 Nd7
22. Re6 Rc8 23. Rxg6 Nf8 24. Rd6 Nh7 25. Bd2 Nf6 26. Re6 Ne4 27. Be1 Kh7 28. c4
Rb8 29. Rxc6 dxc4 30. Rxc4 Nd6 31. Rc6 Nf7 32. Bc3 Nd8 33. Rd6 Nf7 34. Rd7 Nd8
35. d5 Nf7 36. Re1 Rg8 37. Ree7 Kg6 38. Nh4+ 1-0

[Event "Challenge"]
[Site "http://www.queenalice.com/game.php?id=1476373"]
[Date "2017.5.2"]
[Round "-"]
[White "mvson33"]
[Black "Marcos_Dal_Ri"]
[Result "1-0"]
[WhiteElo "2009"]
[BlackElo "1622"]

1. e4 e5 2. Nf3 Nc6 3. Bc4 Bc5 4. O-O d6 5. d3 Bg4 6. Bg5 Nf6 7. Nbd2 O-O 8. a3
h6 9. Bh4 Ne7 10. h3 Bh5 11. Ba2 Ng6 12. Bg3 Nf4 13. Qe1 Qd7 14. Bh2 a5 15. c3
Nxd3 16. Qb1 Bg6 17. Qxd3 Nh5 18. Rad1 Nf4 19. Bxf4 exf4 20. Nb3 Bb6 21. Nbd2 c5
22. Nc4 Bc7 23. Nxd6 Qe7 24. Nf5 Qe8 25. Rfe1 Rd8 26. Qc2 Rxd1 27. Rxd1 b6 28.
N3h4 Bh7 29. f3 g5 30. Nxh6+ Kh8 31. N4f5 Bxf5 32. Nxf5 f6 33. Qb3 1-0

[Event "Challenge"]
[Site "http://www.queenalice.com/game.php?id=1476374"]
[Date "2017.5.2"]
[Round "-"]
[White "Marcos_Dal_Ri"]
[Black "mvson33"]
[Result "0-1"]
[WhiteElo "1628"]
[BlackElo "2003"]

1. d4 Nf6 2. Bg5 e6 3. e3 Be7 4. Bd3 O-O 5. Nf3 b6 6. O-O Bb7 7. c4 d5 8. Ne5
dxc4 9. Bxc4 Nbd7 10. Bb5 Rc8 11. Nc3 Nxe5 12. dxe5 Nd5 13. Bxe7 Qxe7 14. e4
Nxc3 15. bxc3 Rfd8 16. Qf3 Qc5 17. c4 Qxe5 18. Rae1 Rd2 19. a3 Rd4 20. h3 Rxe4
21. Rxe4 Qxe4 22. Qxe4 Bxe4 23. f3 Bb7 24. Ba4 Rd8 25. Bc2 Rd2 26. Rc1 c5 27. a4
Kf8 28. Bd1 Rd4 29. Be2 Ke7 30. Rb1 Rd2 31. Kf2 Ra2 32. a5 Rxa5 0-1

[Event "AUTO-INT-3213"]
[Site "http://www.queenalice.com/game.php?id=1477083"]
[Date "2017.5.7"]
[Round "2"]
[White "valdenicio"]
[Black "Marcos_Dal_Ri"]
[Result "1-0"]
[WhiteElo "2155"]
[BlackElo "1630"]

1. Nf3 d5 2. d4 Nc6 3. h3 Bf5 4. c3 e6 5. Bf4 Bd6 6. Bxd6 cxd6 7. e3 Nf6 8. Bb5
a6 9. Bd3 O-O 10. O-O b5 11. Nh4 Bxd3 12. Qxd3 Ne4 13. Nf3 h6 14. Nbd2 Nxd2 15.
Qxd2 Qf6 16. Rfe1 Ne7 17. e4 dxe4 18. Rxe4 d5 19. Re2 1-0

[Event "AUTO-INT-3213"]
[Site "http://www.queenalice.com/game.php?id=1477084"]
[Date "2017.5.7"]
[Round "2"]
[White "Marcos_Dal_Ri"]
[Black "valdenicio"]
[Result "0-1"]
[WhiteElo "1632"]
[BlackElo "2154"]

1. d4 Nf6 2. Bf4 d6 3. Nf3 g6 4. Nc3 Bg7 5. e3 O-O 6. Bd3 c5 7. d5 e5 8. Bg3 Ne8
9. O-O f5 10. Bh4 Bf6 11. Bxf6 Qxf6 12. e4 f4 13. h3 a6 14. Be2 g5 15. Nh2 Ng7
16. Ng4 Qg6 17. Nh2 h5 18. Na4 Nd7 0-1

[Event "AUTO-INT-3213"]
[Site "http://www.queenalice.com/game.php?id=1477085"]
[Date "2017.5.7"]
[Round "2"]
[White "andrevillares"]
[Black "Marcos_Dal_Ri"]
[Result "1-0"]
[WhiteElo "2080"]
[BlackElo "1697"]

1. d4 d5 2. c4 dxc4 3. e4 b5 4. b3 cxb3 5. axb3 c6 6. Bf4 e6 7. Nf3 Bb4+ 8. Nbd2
Bc3 9. Rc1 Bb4 10. Be2 Nf6 11. O-O O-O 12. Bg5 h6 13. Bh4 Be7 14. Bg3 Nh5 15.
Ne5 Bb7 16. Bxh5 g6 17. Qg4 Bg5 18. f4 Qxd4+ 19. Kh1 gxh5 20. Qxh5 Qxd2 21. fxg5
Qxg5 22. Qh3 Qg7 23. Ng4 Nd7 24. Nxh6+ 1-0

[Event "AUTO-INT-3213"]
[Site "http://www.queenalice.com/game.php?id=1477086"]
[Date "2017.5.7"]
[Round "2"]
[White "Marcos_Dal_Ri"]
[Black "andrevillares"]
[Result "0-1"]
[WhiteElo "1695"]
[BlackElo "2064"]

1. d4 Nf6 2. Nf3 c5 3. dxc5 Qa5+ 4. c3 Qxc5 5. b4 Qc7 6. e3 g6 7. Bd3 Bg7 8. O-O
O-O 9. a4 Nc6 10. b5 Ne5 11. Nxe5 Qxe5 12. Bd2 d6 13. Na3 Nd5 14. Nc4 Qf6 15.
Qc1 Nxc3 16. Ra3 Nd5 17. Be4 Be6 18. Rd3 Qg5 19. Qd1 Rac8 20. Nb2 Bxb2 21. f4
Nxf4 22. Rxf4 Be5 23. Rf2 Bxh2+ 24. Kxh2 Qh4+ 0-1

[Event "Challenge"]
[Site "http://www.queenalice.com/game.php?id=1477291"]
[Date "2017.5.8"]
[Round "-"]
[White "mvson33"]
[Black "Marcos_Dal_Ri"]
[Result "1-0"]
[WhiteElo "2005"]
[BlackElo "1626"]

1. e4 e5 2. Nf3 Nc6 3. Bc4 Bc5 4. O-O d6 5. d3 a6 6. Bg5 Nf6 7. Nc3 O-O 8. a3
Nd4 9. Nd5 b5 10. Nxf6+ gxf6 11. Bh6 Re8 12. Ba2 f5 13. Nxd4 Bxd4 14. exf5 Bxf5
15. Qf3 Qf6 16. Qg3+ Bg6 17. h4 Kh8 18. Kh1 e4 19. dxe4 Rxe4 20. c3 Be5 21. Qg5
Qxg5 22. Bxg5 Kg7 23. Bd5 Re2 24. Bxa8 Rxb2 25. Bd8 c5 26. Ba5 Bf6 27. Rad1 Be5
28. g4 Rb3 29. Ra1 Bxc3 30. Bxc3+ Rxc3 31. h5 Bd3 32. Rg1 c4 33. Kh2 1-0

[Event "Challenge"]
[Site "http://www.queenalice.com/game.php?id=1477292"]
[Date "2017.5.8"]
[Round "-"]
[White "Marcos_Dal_Ri"]
[Black "mvson33"]
[Result "0-1"]
[WhiteElo "1624"]
[BlackElo "2007"]

1. d4 Nf6 2. Bf4 e6 3. e3 d5 4. Bd3 Be7 5. Nf3 O-O 6. O-O b6 7. a3 Bb7 8. Ne5 c5
9. dxc5 Bxc5 10. b4 Be7 11. Nc3 Nbd7 12. h3 Rc8 13. Qf3 Qe8 14. Nxd7 Qxd7 15.
Be5 Bc6 16. Ba6 Rcd8 17. b5 Ba8 18. a4 Bb7 19. Rfd1 Bxa6 20. bxa6 Rc8 21. Rd2
Qc6 22. Bd4 Qc4 23. Rd3 Qxa6 24. Ra2 Rc6 25. Nb5 Rfc8 26. Qg3 Bc5 27. Bxf6 g6
28. h4 Qb7 29. Qg5 Bf8 30. c3 a6 31. Na3 b5 32. Nc2 Rxc3 0-1